00728nam a2200253Ia 4500008004100000020001600041100001900057245003400076245002200110260001500132260002000147260000900167300002400176300002700200300001000227500005900237650001400296650001900310650001300329650001300342700000800355999001900363952009200382160803s9999 xx 000 0 und d a0 439712777 aStanley, Diane aGoldie and the three bears /  cby Diane Stanley. aNew York : bScholastic Inc. c2003 aunnumbered pages :  bcolor illustrations ;  c28 cm aOriginally published: New York : HarperCollins, c2003. aBears --  aFriendship --  xFiction. xFiction. a380 c299289d299289 001040aSSISBbSSISBcLEXd2016-08-03l0pSC-1215r2016-08-03 00:00:00w2016-08-03yBK